000 00743cab a2200253 4500
001 WB2821-45
008 090401t1992 xxu||||| |||| 00| 0 eng d
035 _a(Sirsi) u19688
041 _aeng
245 _aCaravan parks blight
260 _c1992
350 _a0
490 _aTimes
_v25 May 1992, 6(2)
520 _aExamines an anomaly in planning laws which allows sites for prefabricated homes to encroach on areas of natural beauty.
650 _aCARAVAN SITES
650 _aCARAVANS
650 _aCOUNCIL FOR NATIONAL PARKS
650 _aCOUNCIL FOR THE PROTECTION OF RURAL ENGLAND
650 _aDEFINITIONS
650 _aPREFABRICATED HOMES
690 _aPLANNING LAW AND PRACTICE
942 _n0
948 _c04/03/1997
999 _c13171
_d13171